Gsseutial Company Law

Bibliographic Details
Main Author: Bourne, Nicholas
Format: Book
Published: London : Cavendish Publishers Ltd. , 1994
Subjects:

MARC

LEADER 00000cam a2200000 7i4500
001 0000009285
002 000010115
005 20100609.0
020 |a 1859411266 
090 0 0 |a 344.20666   |b BOU 
100 1 |a Bourne, Nicholas 
245 1 0 |a Gsseutial Company Law   |c Nicholas bourne 
260 |a London :   |b Cavendish Publishers Ltd. ,   |c 1994 
300 |a 132p. ;   |c 22cm. 
650 0 0 |a Corporation law   |z Great Britain 
999 |a 047491   |b BUKU   |c PINJAMAN   |e PERPUSTAKAAN KOMUNITI PETALING JAYA